Teatre / (Record no. 173374)

MARC details
000 -LEADER
campo de control de longitud fija 00881nam a2200265 4500
001 - NÚMERO DE CONTROL
campo de control 173374
003 - IDENTIFICADOR DE NÚMERO DE CONTROL
campo de control ES-MaACL
005 - FECHA Y HORA DE LA ÚLTIMA TRANSACCIÓN
campo de control 20231228063256.0
008 - DATOS DE LONGITUD FIJA--INFORMACIÓN GENERAL
campo de control de longitud fija 091127s1979 sp |||| | cat d
017 ## - NÚMERO DE COPYRIGHT O DE DEPÓSITO LEGAL
Número de copyright o de depósito legal B 35994-1979
020 ## - NÚMERO INTERNACIONAL ESTÁNDAR DEL LIBRO
Número Internacional Estándar del Libro 84-297-1538-X
080 ## - NÚMERO DE LA CLASIFICACIÓN DECIMAL UNIVERSAL
Número de la Clasificación Decimal Universal 821.134.1-2"18"
100 1# - ENTRADA PRINCIPAL--NOMBRE DE PERSONA
Nombre de persona Guimerá, Ángel,
Fechas asociadas al nombre 1845-1924
9 (RLIN) 60844
245 10 - MENCIÓN DEL TÍTULO
Título Teatre /
Mención de responsabilidad, etc. [per] Ángel Guimerá.
260 ## - PUBLICACIÓN, DISTRIBUCIÓN, ETC.
Lugar de publicación, distribución, etc. Barcelona :
Nombre del editor, distribuidor, etc. Edic. 62,
Fecha de publicación, distribución, etc. 1979.
300 ## - DESCRIPCIÓN FÍSICA
Extensión 221 p., 1 h. ;
Dimensiones 19 cm.
490 1# - MENCIÓN DE SERIE
Mención de serie Les millors obres de la literatura catalana ;
Designación de volumen o secuencia 26
505 8# - NOTA DE CONTENIDO CON FORMATO
Nota de contenido con formato Contiene: Mar i cel ; Terra baixa ; La Filla del mar.
740 0# - ENTRADA AGREGADA--TÍTULO RELACIONADO/ANALÍTICO NO CONTROLADO
Título relacionado o analítico no controlado Mar i cel.
740 0# - ENTRADA AGREGADA--TÍTULO RELACIONADO/ANALÍTICO NO CONTROLADO
Título relacionado o analítico no controlado Terra baixa.
740 3# - ENTRADA AGREGADA--TÍTULO RELACIONADO/ANALÍTICO NO CONTROLADO
Título relacionado o analítico no controlado La filla del mar.
830 0# - PUNTO DE ACCESO ADICIONAL DE SERIE-TÍTULO UNIFORME
Título uniforme Les millors obres de la literatura catalana ;
Designación de volumen o secuencia 26
9 (RLIN) 181455
852 4# - LOCALIZACIÓN
Ubicación ES-MaACL
Número de control de estantería E- 13250 . -
Nota libre Biblioteca Jacinto Martínez Lacalle
Holdings
Estatus retirado Estado de pérdida Estado de daño No para préstamo Biblioteca de origen Biblioteca actual Ubicación en estantería Fecha de adquisición Fuente de adquisición Total de préstamos Signatura topográfica completa Código de barras Visto por última vez Precio de reemplazo Tipo de ítem Koha
        Biblioteca del Ateneo de Madrid Biblioteca del Ateneo de Madrid Depósito 2 27/11/2009     E-13250 1181951 23/02/2023 23/02/2023 Libro impreso